000 00457nam a2200145 i 4500
001 93723
003 ES-MaACL
007 t|
008 050418s1912 sp ||||1| spa d
100 1 _aLópez Fernández, Diego.
_973637
245 1 3 _aLa joya del hogar
_b: enciclopedia casera por el Doctor Godré Polez Farzenden /
_crecopilación de Diego López.
260 _aLugo :
_bA. Suárez Sal,
_c1912.
300 _a204 p. ;
_c22 cm.
852 _aES-MaACL
_jG-1809
999 _c93723
_d93723